Statistiken für Entwurfsmuster

Klicken Sie hier um das Quiz zu spielen!

Allgemein

  • Dieses Quiz wurde 575 mal gespielt
  • Das Durchschnittsergebnis liegt bei 19 aus 24

Antwortstatistiken

Hint Answer % Korrekt
Schnittstelle AnpassenAdapter
95%
Automatische benachrichtigung aller n abhängigen Objekte, falls ein Objekt sich ändertBeobachter
94%
Kontrolliere Zugriff auf ein Objekt mit Hilfe eines anderen ObjektsStellvertreter
87%
Sichere zu, dass eine Klasse genau ein Exemplar besitzt.Einzelstück
87%
Sequenziellen Zugriff auf Elemente eines zusammengesetzten Objekts ermöglichen, ohne seine zugrundelegende Repräsentation offenzulegen.Iterator
86%
Entkopple Abstraktion von ihrer ImplementierungBrücke
84%
Bietet Schnittstelle zum Erzeugen von FamilienAbstrakte Fabrik
83%
Definiere eine Familie von Algorithmen, kapsle sie und mache sie austauschbar.Strategie
81%
Nutze Objekte kleinster Granularität gemeinsam.Fliegengewicht
80%
Biete einheitliche Schnittstelle zu einer Menge von Schnittstellen eines Subsystems.Fassade
79%
Definiere eine Klassenschnittstelle mit Operationen zum Erzeugen eines Objekts, aber lasse Unterklassen entscheiden, von welcher Klasse das zu erzeugende Objekt ist.Fabrikmethode
78%
Fügt dynamisch neue Funktionalität zu einem Objekt hinzu.Dekorierer
78%
Bestimme die Arten zu erzeugender Objekte durch die Verwendung eines Exemplars.Prototyp
77%
Füge Objekte zu Baumstrukturen zusammenKompositum
76%
Definiere das Skelett eines Algorithmus in einer Operation und delegiere einzelne Schritte an UnterklassenSchablonenmethode
76%
Ändere das Verhalten des Objekts, wenn sich dessen interner Zustand ändert.Zustand
76%
Kapsle einen Befehl als ein Objekt.Befehl
76%
Erfasse und externalisiere den internen Zustand eines Objekts.Memento
74%
Kapsle eine auf den Elementen einer Objektstruktur auszuführende Operation als ein Objekt.Besucher
72%
Stelle einen Stellvertreter zur Verfügung, der die gleiche Schnittstelle bietet, aber nichts tut.Null-Objekt
71%
Kapselt Zusammenspiel einer Menge von ObjektenVermittler
69%
Vereinfache den Methodenaufruf durch Beeithaltung häufig genutzter Parameterkombinationen in zusätzlichen Methoden.Bequemlichkeits-Methode
67%
Vereinfache den Methodenaufruf durch Bereithaltung der Parameter in einer speziellen Klasse.Bequemlichkeits-Klasse
66%
Fehlertolerante und Parallele Berechnung.Master/Worker
65%

Verteilung der Resultate

Perzentil nach korrekt beantworteten Fragen

Anzahl Personen mit jedem Resultat

Ihre Resultats-Entwicklung

Sie haben dieses Quiz noch nicht gespielt